DFB meiste Tore, Vorlagen und Spielminuten - Statistiken

Allgemein
  • Dieses Quiz wurde 80 mal gespielt
  • Das Durchschnittsergebnis liegt bei 69 aus 105
Antwortstatistiken
Saison Stat Spieler % Korrekt
1.080' Manuel Neuer
98%
2 Vorlagen Jamal Musiala
94%
10/11 10 Tore Miroslav Klose
94%
7 Tore Miroslav Klose
94%
06/07 2 Tore Miroslav Klose
94%
05/06 9 Tore Miroslav Klose
94%
01/02 11 Tore Miroslav Klose
94%
7 Vorlagen Joshua Kimmich
92%
1.263' Joshua Kimmich
92%
2 Vorlagen Joshua Kimmich
92%
2 Tore Joshua Kimmich
92%
585' Joshua Kimmich
92%
632' Joshua Kimmich
92%
1.350' Joshua Kimmich
92%
711' Joshua Kimmich
92%
11 Vorlagen Joshua Kimmich
92%
1.710' Joshua Kimmich
92%
2 Vorlagen Thomas Müller
92%
14/15 9 Tore Thomas Müller
92%
13/14 7 Tore Thomas Müller
92%
6 Vorlagen Thomas Müller
92%
8 Vorlagen Thomas Müller
92%
5 Tore Thomas Müller
92%
24/25 5 Tore Florian Wirtz
89%
2 Vorlagen Florian Wirtz
89%
1.229' Bastian Schweinsteiger
88%
2 Vorlagen Bastian Schweinsteiger
88%
8 Vorlagen Bastian Schweinsteiger
88%
23/24 6 Tore Niclas Füllkrug
86%
21/22 6 Tore Niclas Füllkrug
86%
2 Vorlagen Leroy Sané
80%
853' Mats Hummels
80%
2 Vorlagen Serge Gnabry
80%
19/20 1 Tor Serge Gnabry
80%
1 Vorlage Serge Gnabry
80%
18/19 9 Tore Serge Gnabry
80%
2 Vorlagen Toni Kroos
80%
4 Vorlagen Toni Kroos
80%
961' Toni Kroos
80%
6 Vorlagen Toni Kroos
80%
1.140' Toni Kroos
80%
2 Vorlagen Kai Havertz
79%
2 Tore Kai Havertz
79%
1 Tor Kai Havertz
79%
15/16 4 Tore Mario Gómez
79%
11/12 4 Tore Mario Gómez
79%
5 Vorlagen Mario Gómez
79%
2 Vorlagen Mesut Özil
79%
5 Vorlagen Mesut Özil
79%
12/13 8 Tore Mesut Özil
79%
6 Vorlagen Mesut Özil
79%
1.051' Mesut Özil
79%
6 Vorlagen Mesut Özil
79%
8 Vorlagen Mesut Özil
79%
990' Oliver Kahn
76%
9 Vorlagen Leon Goretzka
74%
16/17 6 Tore Leon Goretzka
74%
09/10 5 Tore Lukas Podolski
74%
1.006' Lukas Podolski
74%
08/09 7 Tore Lukas Podolski
74%
5 Vorlagen Lukas Podolski
74%
07/08 13 Tore Lukas Podolski
74%
7 Vorlagen Lukas Podolski
74%
2 Vorlagen Michael Ballack
65%
6 Vorlagen Michael Ballack
65%
1.183' Michael Ballack
65%
03/04 6 Tore Michael Ballack
65%
00/01 3 Tore Michael Ballack
65%
1.268' Antonio Rüdiger
64%
1.650' Antonio Rüdiger
64%
2 Vorlagen Marco Reus
58%
2 Vorlagen İlkay Gündoğan
56%
2 Tore İlkay Gündoğan
56%
663' Lothar Matthäus
56%
2 Tore Timo Werner
55%
2 Vorlagen Timo Werner
55%
20/21 10 Tore Timo Werner
55%
17/18 2 Tore Timo Werner
55%
6 Tore Timo Werner
55%
1.890' Jens Lehmann
53%
3 Vorlagen David Raum
48%
1.431' Per Mertesacker
48%
2 Vorlagen Julian Draxler
35%
3 Vorlagen Bernd Schneider
30%
5 Vorlagen Bernd Schneider
30%
3 Tore Mehmet Scholl
29%
3 Tore Mehmet Scholl
29%
810' Arne Friedrich
24%
5 Vorlagen Carsten Jancker
23%
3 Tore Carsten Jancker
23%
99/00 3 Tore Oliver Bierhoff
23%
2 Vorlagen Jonas Hector
21%
914' Jonas Hector
21%
04/05 10 Tore Kevin Kuranyi
20%
2 Vorlagen Robin Gosens
20%
3 Tore Ulf Kirsten
17%
2 Vorlagen Dietmar Hamann
11%
1.350' Thomas Linke
11%
1.080' Carsten Ramelow
9%
270' Clemens Fritz
9%
22/23 2 Tore Jonas Hofmann
8%
1 Vorlage Lukas Klostermann
8%
02/03 7 Tore Fredi Bobic
6%
3 Vorlagen Fredi Bobic
6%
2 Vorlagen Marko Rehmer
5%
Keine übereinstimmenden Quizze gefunden
Verteilung der Resultate
Anzahl Personen mit jedem Resultat
Perzentil nach korrekt beantworteten Fragen
Ihre Resultats-Entwicklung
Sie haben dieses Quiz noch nicht gespielt